01283nas a2200277Ia 4500001001100000003000900011008004100020040001300061040001300074041001300087100003800100210002100138222002100159245009700180250001100277260003600288501008600324300001000410310001200420362003400432500026200466650003600728942000700764999001900771952021500790R022/42851IT-RoPAU151124c99999999xx |||||||||||| ||und|| aIT-RoPAU cIT-RoPAU aITALIANO aAA.VV. gCodice Aut. SPICS: 12000 aINFORMAZIONI MCS aInformazioni Mcs aINFORMAZIONI MCS, ANNO 04-N.01 (GENNAIO 1961)bInformazioni Mcs, Anno 04-N.01 (Gennaio 1961) a1a ed. aVICENZAbINFORMAZIONI MCSc1961 bPaulus - SPICS - Società€ San Paolo EM (non-commercial uses only)cCopyright2015 a32 p. aMENSILE aANNO 004, N.01 (GENNAIO 1961) aBollettion della Commissione Regionale Dello Spettacolo per le Diocesi Venete. Esortazioni dei Vescovi nella Giornata per la Moralità€ Delo Spettacolo e del Cinema. Assemblea Triennale dell'Acec. Film Ammessi Alla Programmazione Nelle Sale Cattoliche della aCINEMAvPUBBLICAZIONE PERIODICA cCR c115128d115128 0010406R_022_42851000000000071aSPICSbSPICSd2015-11-25l0oR022/42851r2015-11-25 00:00:00w2015-11-25yCRzProgr. Ins: 27700 / Copia rara: NO / date import: 25.11.2015 / By Epidotti, Trombetti, Vaglietti